000 00595nam a2200193Ia 4500
003 OSt
005 20240918111818.0
008 220927b |||||||| |||| 00| 0 eng d
020 _a8170209439
037 _cReference Collections
040 _aSDCL
_cSDCL
_beng
041 _2eng
_aeng
082 _aΔk2,N N9.12 RR
100 _aSantideva Ed.
_9486167
245 0 _aEncyclopaedia of Indian mysticism.12V.
260 _aNew Delhi
_bCosmo Publications
_c1999
942 _hDeltak2,N, N9.1-.12 RR
_cREF
_2CC
999 _c800374
_d800374